| 000 | 00472nam a2200169Ia 4500 | ||
|---|---|---|---|
| 005 | 20250508155023.0 | ||
| 008 | 008 250505s9999 xx 000 0 eng d | ||
| 037 | _aTextual | ||
| 040 |
_aFEDL _beng _cFEDL |
||
| 041 |
_aeng _2eng |
||
| 084 |
_a580.7, UNI _qFEDL |
||
| 245 | 0 | _aBotany in Indian universities | |
| 260 |
_aNew Delhi, India _bUniversity Grants Commission _c1963 |
||
| 300 | _a82p. | ||
| 942 |
_cTEXL _h580.7, UNI |
||
| 999 |
_c1353447 _d1353447 |
||